<?xml version="1.0" encoding="UTF-8"?>
<record
    xmlns:xsi="http://www.w3.org/2001/XMLSchema-instance"
    xsi:schemaLocation="http://www.loc.gov/MARC21/slim http://www.loc.gov/standards/marcxml/schema/MARC21slim.xsd"
    xmlns="http://www.loc.gov/MARC21/slim">

  <leader>01770cam a2200361 i 4500</leader>
  <controlfield tag="001">5677911</controlfield>
  <controlfield tag="003">AUA.1</controlfield>
  <controlfield tag="005">20240307144947.0</controlfield>
  <controlfield tag="008">791016m19811985caua     b    001 0 eng  </controlfield>
  <datafield tag="010" ind1=" " ind2=" ">
    <subfield code="a">79026548 //r863</subfield>
  </datafield>
  <datafield tag="020" ind1=" " ind2=" ">
    <subfield code="a">0816303908 (pbk. : v. 1)</subfield>
  </datafield>
  <datafield tag="020" ind1=" " ind2=" ">
    <subfield code="a">0816306117 (pbk. : v. 2)</subfield>
  </datafield>
  <datafield tag="035" ind1=" " ind2=" ">
    <subfield code="a">.b12101096</subfield>
  </datafield>
  <datafield tag="040" ind1=" " ind2=" ">
    <subfield code="a">DLC</subfield>
    <subfield code="c">DLC</subfield>
    <subfield code="d">m.c.</subfield>
    <subfield code="d">EXN</subfield>
  </datafield>
  <datafield tag="049" ind1=" " ind2=" ">
    <subfield code="a">EXNv [2 v.]</subfield>
    <subfield code="c">1</subfield>
  </datafield>
  <datafield tag="050" ind1=" " ind2=" ">
    <subfield code="a">BS1555.3</subfield>
    <subfield code="b">.M39</subfield>
  </datafield>
  <datafield tag="082" ind1=" " ind2=" ">
    <subfield code="a">224/.5/06</subfield>
  </datafield>
  <datafield tag="100" ind1="1" ind2=" ">
    <subfield code="a">Maxwell, C. Mervyn,</subfield>
    <subfield code="d">1925-1999.</subfield>
  </datafield>
  <datafield tag="245" ind1="1" ind2="0">
    <subfield code="a">God cares /</subfield>
    <subfield code="c">C. Mervyn Maxwell ; [spot drawings by James Converse]</subfield>
  </datafield>
  <datafield tag="260" ind1=" " ind2=" ">
    <subfield code="a">Mountain View, Calif. :</subfield>
    <subfield code="b">Pacific Press Pub. Association,</subfield>
    <subfield code="c">c1981-c1985.</subfield>
  </datafield>
  <datafield tag="300" ind1=" " ind2=" ">
    <subfield code="a">2 v. :</subfield>
    <subfield code="b">ill. (some col.) ;</subfield>
    <subfield code="c">25 cm.</subfield>
  </datafield>
  <datafield tag="500" ind1=" " ind2=" ">
    <subfield code="a">Includes indexes.</subfield>
  </datafield>
  <datafield tag="500" ind1=" " ind2=" ">
    <subfield code="a">CAR volume 1 pagination:  copy 4 and 5 has 318 pages (earlier printing); copy 1, 2, 3, and 6 has 331 pages.  Volume 2 has 573 pages.</subfield>
  </datafield>
  <datafield tag="500" ind1=" " ind2=" ">
    <subfield code="a">Printing information for CAR copies, volume 1:  copy 3, 4, and 5 has no printing information; copy 1 and 2 4th printing 1986; copy 6 2nd printing 1984.</subfield>
  </datafield>
  <datafield tag="500" ind1=" " ind2=" ">
    <subfield code="a">CAR volume 2 printing information: copy 1 and 4 1st printing 1985; copy 2 and 3 no information.</subfield>
  </datafield>
  <datafield tag="500" ind1=" " ind2=" ">
    <subfield code="a">CAR volume 1 copy 3 jointly published by Pacific Press and Review and Herald though title page says Pacific Press.</subfield>
  </datafield>
  <datafield tag="500" ind1=" " ind2=" ">
    <subfield code="a">CAR volume 2 copy 2 and 3 jointly published by Pacific Press and Review and Herald though title page says Pacific Press.</subfield>
  </datafield>
  <datafield tag="504" ind1=" " ind2=" ">
    <subfield code="a">Includes bibliographies.</subfield>
  </datafield>
  <datafield tag="505" ind1="0" ind2="0">
    <subfield code="g">v. 1. </subfield>
    <subfield code="t">Message of Daniel for you and your family -- </subfield>
    <subfield code="g">v. 2. </subfield>
    <subfield code="t">Message of Revelation for you and your family.</subfield>
  </datafield>
  <datafield tag="630" ind1="0" ind2="0">
    <subfield code="a">Bible.</subfield>
    <subfield code="p">Daniel</subfield>
    <subfield code="x">Commentaries.</subfield>
  </datafield>
  <datafield tag="630" ind1="0" ind2="0">
    <subfield code="a">Bible.</subfield>
    <subfield code="p">Revelation</subfield>
    <subfield code="x">Commentaries.</subfield>
  </datafield>
  <datafield tag="942" ind1=" " ind2=" ">
    <subfield code="2">lcc</subfield>
    <subfield code="c">REF</subfield>
    <subfield code="h">BS 1555.3</subfield>
    <subfield code="i">.M39 1985</subfield>
  </datafield>
  <datafield tag="999" ind1=" " ind2=" ">
    <subfield code="c">14975</subfield>
    <subfield code="d">14975</subfield>
  </datafield>
  <datafield tag="952" ind1=" " ind2=" ">
    <subfield code="0">0</subfield>
    <subfield code="1">0</subfield>
    <subfield code="2">lcc</subfield>
    <subfield code="4">0</subfield>
    <subfield code="7">0</subfield>
    <subfield code="8">REF</subfield>
    <subfield code="a">AUA.1</subfield>
    <subfield code="b">AUA.1</subfield>
    <subfield code="c">REF</subfield>
    <subfield code="d">2016-07-19</subfield>
    <subfield code="e">Donation, Pacific Press</subfield>
    <subfield code="g">25.00</subfield>
    <subfield code="h">AUA018098</subfield>
    <subfield code="l">4</subfield>
    <subfield code="m">1</subfield>
    <subfield code="o">BS 1555.3 .M39 1981</subfield>
    <subfield code="p">AUA018098</subfield>
    <subfield code="r">2023-09-05 14:52:11</subfield>
    <subfield code="s">2023-09-05</subfield>
    <subfield code="v">25.00</subfield>
    <subfield code="w">2016-07-19</subfield>
    <subfield code="y">REF</subfield>
    <subfield code="z">v.1</subfield>
  </datafield>
  <datafield tag="952" ind1=" " ind2=" ">
    <subfield code="0">0</subfield>
    <subfield code="1">0</subfield>
    <subfield code="2">lcc</subfield>
    <subfield code="4">0</subfield>
    <subfield code="7">0</subfield>
    <subfield code="8">REF</subfield>
    <subfield code="a">AUA.1</subfield>
    <subfield code="b">AUA.1</subfield>
    <subfield code="c">REF</subfield>
    <subfield code="d">2016-07-19</subfield>
    <subfield code="e">Donation, Pacific Press</subfield>
    <subfield code="g">25.00</subfield>
    <subfield code="h">AUA018099</subfield>
    <subfield code="l">5</subfield>
    <subfield code="o">BS 1555.3 .M39 1985</subfield>
    <subfield code="p">AUA018099</subfield>
    <subfield code="r">2024-03-05 15:53:08</subfield>
    <subfield code="s">2024-03-01</subfield>
    <subfield code="v">25.00</subfield>
    <subfield code="w">2016-07-19</subfield>
    <subfield code="y">REF</subfield>
    <subfield code="z">v.2</subfield>
  </datafield>
</record>
